|
|
|
|
| LEADER |
01396njm a2200337 a 4500 |
| 001 |
000622442 |
| 003 |
CZ BrMZK |
| 005 |
20020924112841.0 |
| 007 |
ss lsnjlcmpnzu |
| 008 |
020912s2002 xr pp f cze d |
| 028 |
0 |
1 |
|a 5 40234 4
|b EMI
|
| 040 |
|
|
|a BOA001
|b cze
|
| 047 |
|
|
|a pp
|
| 048 |
|
|
|a od
|b vu
|
| 080 |
|
|
|a (086.7)
|2 MRF
|
| 080 |
|
|
|a 785.16
|2 MRF
|
| 100 |
1 |
|
|a Martinová, Věra,
|d 1960-
|7 jn20000401740
|4 sng
|
| 245 |
1 |
0 |
|a Léto s Věrou
|h [zvukový záznam] :
|b country hity Věry Martinové
|
| 260 |
|
|
|a Praha :
|b EMI,
|c c2002
|
| 300 |
|
|
|a 1 zvuková kazeta :
|b analog, Dolby HX-Pro +
|e 1 leták (10 x 21 cm)
|
| 500 |
|
|
|a Kompilace
|
| 500 |
|
|
|a Původní fonogramy p1996-2001 EMI
|
| 500 |
|
|
|a Vydáno také na kompaktní desce s objednacím číslem 7243 5 40234 2 2
|
| 505 |
0 |
0 |
|t Yamba damba --
|t Slunci je to jedno --
|t Dám si jedno blues --
|t Jak kdy --
|t Byl's frajer --
|t Kopretina --
|t Batalión --
|t Z knihy vázané ovčí kůží --
|t Jen tak koukám --
|t Citadela citů --
|t Lásky půl --
|t Jestli je láska jenom jednou --
|t Jako dřív --
|t Smutná holka --
|t Náhodný známosti
|
| 511 |
0 |
|
|a Věra Martinová, zpěv
|
| 650 |
0 |
7 |
|a country písně
|7 ph119261
|2 czenas
|
| 655 |
|
4 |
|a country
|
| 655 |
|
4 |
|a populární hudba
|
| 910 |
|
|
|a BOA001
|b KZ-0010.657
|
| 990 |
|
|
|a AV
|
| 996 |
6 |
|
|b 261H011626
|c KZ-0010.657
|l MZK
|r Sklad / do 24 hodin
|n 0
|w 000622442
|u 000010
|a 1
|e BOA001
|j MZK50
|s P
|